Pièces de Mira HQ sur une carte - Statistiques

Statistiques générales
  • Ce quiz a été pris 67 fois
  • Le résultat moyen est 7 sur 12
Réponses sur la Carte
Les réponses sont colorées sur une échelle allant du rouge au vert en fonction du pourcentage des utilisateurs qui les ont devinées à leur premier essai. Vous pouvez retrouver ces pourcentages ci-dessous.
 
Statistiques - réponses
Pièces % Correct
Cafétéria
93%
Administration
83%
Laboratoire
78%
Réacteur
77%
Infirmerie
75%
Cargo
63%
Jardins
57%
Balcon
55%
Radio
53%
Bureaux
32%
Vestiaire
25%
Plateforme
12%
Aucun quiz correspondant
Distribution des résultats
% des personnes avec chaque résultat
Percentile par nombre de réponses
Votre historique - résultats
Vous n’avez pas pris ce quiz